000 00792cab a2200217 4500
001 X92487
008 090401t1998 xxu||||| |||| 00| 0 eng d
035 _a(Sirsi) u87010
041 _aeng
245 _aWake (Tower Hill Trinity Square) Turst v Janson Green Properties Ltd
260 _c1998
350 _a0
490 _aNew Property Cases
_v1998 NPC 104
520 _aChD 11 June 1998. An arbitrator benefits from taking counsel`s advice as to the scope f his determination before starting his determination under the terms of the lease. NB NO PHOTOCOPYING ALLOWED.
650 _aMARKET RENTS
650 _aRENT REVIEW
650 _aWAKEFIELD (TOWER HILL TRINITY SQUARE) TRUST V JANSON GREEN PROPERTIES
690 _aARBITRATION-CASE LAW
942 _n0
948 _c24/06/1998
999 _c54812
_d54812